[Event "Dzhubga op"]
[Site "Dzhubga"]
[Date "2023.08.02"]
[Round "2"]
[White "Triapishko, Alexandr"]
[Black "Gasanov, Vadim"]
[Result "1-0"]
[WhiteElo "2506"]
[BlackElo "2107"]
[PlyCount "87"]
[EventDate "2023.08.01"]
[EventType "swiss"]
[EventRounds "9"]
[EventCountry "RUS"]
[SourceTitle "CBM 215 Extra"]
[Source "ChessBase"]
[SourceDate "2023.09.30"]
[SourceVersion "1"]
[SourceVersionDate "2023.09.30"]
[SourceQuality "1"]

1. b3 e5 2. Bb2 Nc6 3. c4 Nf6 4. e3 Be7 5. d3 0-0 6. Nf3 Re8 7. Nbd2 Bf8 8. Be2 d5 9. cxd5 Nxd5 10. 0-0 f6 11. a3 a5 12. Qc2 Be6 13. Ne4 Qd7 14. Rac1 Qf7 15. h3 Rad8 16. Nfd2 Nce7 17. Rfe1 b6 18. Nf3 Ng6 19. d4 exd4 20. Nxd4 Bd7 21. Nc3 Nge7 22. e4 Nxc3 23. Qxc3 Qg6 24. e5 c5 25. Bc4+ Kh8 26. Nb5 Bc6 27. f3 Nd5 28. Qc2 f5 29. Rcd1 Nf4 30. Kh2 Be7 31. Rxd8 Rxd8 32. Nd6 Rf8 33. Qf2 Nh5 34. a4 Bxd6 35. exd6 Qxd6+ 36. Be5 Qd8 37. Re2 f4 38. Qe1 h6 39. Bc3 Kh7 40. Qb1+ g6 41. Re6 Be8 42. Qe4 Qg5 43. Re7+ Bf7 44. Bxf7 1-0

[Event "Moscow op-A 19th"]
[Site "Moscow"]
[Date "2023.07.22"]
[Round "8"]
[White "Gasanov, Vadim"]
[Black "Zakaryan, David"]
[Result "1/2-1/2"]
[WhiteElo "2039"]
[BlackElo "2310"]
[PlyCount "85"]
[EventDate "2023.07.17"]
[EventType "swiss"]
[EventRounds "9"]
[EventCountry "RUS"]
[SourceTitle "CBM 215 Extra"]
[Source "ChessBase"]
[SourceDate "2023.09.30"]
[SourceVersion "1"]
[SourceVersionDate "2023.09.30"]
[SourceQuality "1"]

1. e4 c5 2. Nf3 d6 3. d4 cxd4 4. Nxd4 Nf6 5. Nc3 a6 6. Bg5 Nbd7 7. Bc4 Qc7 8. Bb3 e6 9. 0-0 Nc5 10. Qe2 Be7 11. Rad1 b5 12. a3 Bb7 13. Bxf6 gxf6 14. Ba2 0-0-0 15. Qe3 Rhg8 16. b4 Na4 17. Nxa4 bxa4 18. Rd3 Kb8 19. Rc3 Qd7 20. b5 axb5 21. Rb1 Rc8 22. Nxb5 Rxc3 23. Nxc3 Rc8 24. Qd4 Qc6 25. Nb5 Qc5 26. Qxa4 Bd8 27. Qd4 Qxd4 28. Nxd4 Ka8 29. f3 Ba6 30. h4 Rc5 31. a4 Bc7 32. Kh1 Bb8 33. Bb3 Ba7 34. Nb5 Bb8 35. c4 Kb7 36. Bc2 Kc8 37. Bd3 h6 38. Kg1 Kd7 39. Kf2 Bc7 40. Nxc7 Kxc7 41. Rb4 Ra5 42. Ke3 Bb7 43. g4 1/2-1/2

[Event "Moscow op-A 19th"]
[Site "Moscow"]
[Date "2023.07.22"]
[Round "7"]
[White "Timerkhanov, Alexander"]
[Black "Gasanov, Vadim"]
[Result "1/2-1/2"]
[WhiteElo "2357"]
[BlackElo "2039"]
[PlyCount "79"]
[EventDate "2023.07.17"]
[EventType "swiss"]
[EventRounds "9"]
[EventCountry "RUS"]
[SourceTitle "CBM 215 Extra"]
[Source "ChessBase"]
[SourceDate "2023.09.30"]
[SourceVersion "1"]
[SourceVersionDate "2023.09.30"]
[SourceQuality "1"]

1. d4 c5 2. d5 g6 3. e4 d6 4. f4 Bg7 5. Nf3 Nf6 6. Nc3 0-0 7. a4 e6 8. dxe6 Bxe6 9. Be2 Nc6 10. 0-0 Nd4 11. Kh1 Re8 12. f5 Nxe2 13. fxe6 Nxc3 14. exf7+ Kxf7 15. bxc3 Kg8 16. Rb1 b6 17. Bg5 Qe7 18. Nd2 Qe6 19. Bxf6 Bxf6 20. Rf3 Bg5 21. Rd3 Bxd2 22. Qxd2 Qxe4 23. Rxd6 Re6 24. Rd7 Rae8 25. h3 R6e7 26. Rxe7 Qxe7 27. Rd1 Qe6 28. Qd7 Qxd7 29. Rxd7 Re2 30. Rxa7 Rxc2 31. Rb7 Rxc3 32. Rxb6 Ra3 33. Rc6 Rxa4 34. Rxc5 Ra7 35. Rc1 Kg7 36. Kh2 g5 37. Rd1 Rf7 38. Rc1 h6 39. Rd1 Kg6 40. Rc1 1/2-1/2

[Event "Voronezh op"]
[Site "Voronezh"]
[Date "2023.06.16"]
[Round "1"]
[White "Nesterov, Arseniy"]
[Black "Gasanov, Vadim"]
[Result "1-0"]
[WhiteElo "2558"]
[BlackElo "2049"]
[PlyCount "113"]
[EventDate "2023.06.16"]
[EventType "swiss"]
[EventRounds "9"]
[EventCountry "RUS"]
[SourceTitle "CBM 214 Extra"]
[Source "ChessBase"]
[SourceDate "2023.07.31"]
[SourceVersion "1"]
[SourceVersionDate "2023.07.31"]
[SourceQuality "1"]

1. d4 Nf6 2. c4 c5 3. d5 e6 4. Nc3 exd5 5. cxd5 d6 6. e4 g6 7. f4 Bg7 8. Bb5+ Nfd7 9. a4 0-0 10. Nf3 Na6 11. 0-0 Nc7 12. Bd3 a6 13. f5 Ne5 14. Bf4 f6 15. Nxe5 fxe5 16. Be3 Bd7 17. Qb3 b5 18. axb5 Nxb5 19. fxg6 hxg6 20. Rxf8+ Bxf8 21. Nxb5 axb5 22. Rxa8 Qxa8 23. Bxb5 Qa5 24. Bf1 Ba4 25. Qb8 Kf7 26. Kf2 Bd7 27. Be2 Qa4 28. Bf3 Qc2+ 29. Kg3 Qd3 30. Bg5 Be7 31. Bh6 Qb1 32. h3 Bxh3 33. Qh8 Qe1+ 34. Kh2 Bf5 35. Qh7+ Ke8 36. Bg7 Bh4 37. Qg8+ Kd7 38. Qf7+ Kc8 39. Qe8+ Kb7 40. Qc6+ Ka7 41. Bxe5 dxe5 42. Qxc5+ Kb7 43. Qc6+ Ka7 44. Qc7+ Ka8 45. Qxe5 Bd8 46. Qh8 Qa5 47. exf5 Ka7 48. d6 gxf5 49. Qg7+ Kb6 50. Qb7+ Kc5 51. b4+ Qxb4 52. Qd5+ Kb6 53. Qc6+ Ka5 54. Qa8+ Kb5 55. Qxd8 Qf4+ 56. Kh3 Qh6+ 57. Kg3 1-0

[Event "Anapa Sea Harbor Cup"]
[Site "Anapa"]
[Date "2022.06.10"]
[Round "9"]
[White "Nadjezhdin, Dmitry"]
[Black "Gasanov, Vadim"]
[Result "0-1"]
[WhiteElo "2108"]
[BlackElo "2017"]
[PlyCount "94"]
[EventDate "2022.06.02"]
[EventType "swiss"]
[EventRounds "9"]
[EventCountry "RUS"]
[SourceTitle "CBM 208 Extra"]
[Source "ChessBase"]
[SourceDate "2022.07.31"]
[SourceVersion "1"]
[SourceVersionDate "2022.07.31"]
[SourceQuality "1"]

1. e4 c5 2. Nf3 d6 3. c3 Nf6 4. Bc4 e6 5. d3 Be7 6. 0-0 0-0 7. Re1 Nc6 8. Bb3 b6 9. Nbd2 Bb7 10. Nf1 Rc8 11. Ng3 h6 12. h3 Re8 13. Nh2 b5 14. Ng4 Nxg4 15. Qxg4 Ne5 16. Qe2 Nxd3 17. Qxd3 c4 18. Qe2 cxb3 19. Qxb5 Rb8 20. Qd3 Qa5 21. a3 Red8 22. Be3 Ba6 23. Qd2 Rb7 24. Rad1 Rbd7 25. Ne2 Bc4 26. Nd4 Qc7 27. Nf3 e5 28. Qc1 d5 29. exd5 Bxd5 30. Nd2 Be6 31. Nf1 f5 32. f3 a5 33. Rxd7 Rxd7 34. Rd1 Rxd1 35. Qxd1 Qc4 36. Qd2 Qb5 37. f4 exf4 38. Bxf4 g5 39. Qe1 Kf7 40. Bc1 Qd3 41. Qe3 Qc2 42. Qd2 Bc5+ 43. Kh1 Qb1 44. h4 f4 45. g3 Qe4+ 46. Qg2 f3 47. Qd2 Bd5 0-1

[Event "EU-ch Hybrid U14"]
[Site "Tornelo INT"]
[Date "2021.10.15"]
[Round "9"]
[White "Gasanov, Vadim"]
[Black "Ramaj, Ergit"]
[Result "1-0"]
[WhiteElo "2027"]
[BlackElo "1678"]
[PlyCount "141"]
[EventDate "2021.10.15"]
[EventType "swiss"]
[EventRounds "9"]
[EventCountry "NET"]
[SourceTitle "EXT 2023"]
[Source "ChessBase"]
[SourceDate "2022.10.05"]
[SourceVersion "1"]
[SourceVersionDate "2022.10.05"]
[SourceQuality "1"]
[WhiteTeam "Russia"]
[BlackTeam "Albania"]
[WhiteTeamCountry "RUS"]
[BlackTeamCountry "ALB"]

1. e4 c5 2. Nf3 d6 3. d4 cxd4 4. Nxd4 Nf6 5. Nc3 g6 6. Be3 Bg7 7. f3 0-0 8. Bc4 Nc6 9. Qd2 Nxd4 10. Bxd4 Be6 11. Bb3 Qa5 12. 0-0-0 b5 13. Kb1 b4 14. Nd5 Bxd5 15. Bxd5 Nxd5 16. Bxg7 Nc3+ 17. Bxc3 bxc3 18. Qxc3 Qxc3 19. bxc3 Rfc8 20. Rd3 Rc5 21. Re1 Rac8 22. Ree3 Rb8+ 23. Ka1 Rbc8 24. a3 h5 25. f4 f6 26. g3 R8c6 27. Ka2 Kf7 28. Rf3 Rc7 29. h3 g5 30. fxg5 Rxg5 31. Rd5 Rxd5 32. exd5 Rc5 33. Rd3 e6 34. dxe6+ Kxe6 35. a4 a5 36. Kb3 f5 37. c4 Re5 38. c3 Kd7 39. Rd5 Kc6 40. Rb5 Kc7 41. h4 Rc5 42. Kc2 Kd7 43. Kd3 Ke6 44. Rb8 f4 45. gxf4 Kf5 46. Rb6 Kxf4 47. Rxd6 Kg4 48. Rd4+ Kg3 49. Rd5 Rc7 50. Rxh5 Kg4 51. Rxa5 Kxh4 52. c5 Kg5 53. Kc4 Kf6 54. Ra6+ Ke7 55. Kb5 Kd7 56. Rb6 Ra7 57. a5 Kc7 58. a6 Kc8 59. Rc6+ Kb8 60. Rh6 Rg7 61. Rd6 Ka7 62. Rb6 Rg1 63. Rb7+ Ka8 64. Rh7 Rb1+ 65. Kc6 Rb8 66. Kd6 Rd8+ 67. Rd7 Rh8 68. c6 Rh6+ 69. Kc5 Rh8 70. c7 Rh5+ 71. Rd5 1-0

[Event "EU-ch Hybrid U14"]
[Site "Tornelo INT"]
[Date "2021.10.15"]
[Round "1"]
[White "Petrosyan, Gaspar"]
[Black "Gasanov, Vadim"]
[Result "0-1"]
[WhiteElo "1530"]
[BlackElo "2027"]
[PlyCount "84"]
[EventDate "2021.10.15"]
[EventType "swiss"]
[EventRounds "9"]
[EventCountry "NET"]
[SourceTitle "EXT 2023"]
[Source "ChessBase"]
[SourceDate "2022.10.05"]
[SourceVersion "1"]
[SourceVersionDate "2022.10.05"]
[SourceQuality "1"]
[WhiteTeam "Russia"]
[BlackTeam "Russia"]
[WhiteTeamCountry "RUS"]
[BlackTeamCountry "RUS"]

1. Nf3 c5 2. g3 Nc6 3. d4 cxd4 4. Nxd4 g6 5. Bg2 Bg7 6. Nxc6 bxc6 7. 0-0 Nf6 8. c4 0-0 9. Nc3 Qc7 10. Bf4 e5 11. Be3 d6 12. Nb5 cxb5 13. Bxa8 Bh3 14. Bg2 Bxg2 15. Kxg2 bxc4 16. Qc2 d5 17. Rac1 Qb7 18. Kg1 Rc8 19. Bd2 d4 20. e3 d3 21. Qa4 Ne4 22. Bc3 Ng5 23. f3 Nxf3+ 24. Rxf3 Qxf3 25. Qxa7 Ra8 26. Qc5 h5 27. Rf1 Qe4 28. a3 h4 29. Bd2 Rf8 30. Qe7 h3 31. Rf2 c3 32. Bxc3 Qxe3 33. Bd2 Qd4 34. Bb4 e4 35. Bc3 Qd5 36. Bxg7 Kxg7 37. Qf6+ Kg8 38. Qf4 Qc4 39. Qd2 Rc8 40. Rf1 Qd4+ 41. Qf2 Qd5 42. Qb6 e3 0-1